000 00498nam a2200181 4500
001 3809
005 20230410143536.0
008 060907n1993 dr spa
020 _a9803170449
035 _9funglode3828
041 _aEN
050 1 4 _aT 24 E82 1993
245 0 _aEstrategias, planificación y gestión de ciencia y tecnologia /
_cEduardo Martínez
260 _aCaracas :
_bNueva Sociedad,
_c1993
300 _a518 p.
700 _aMartínez, Eduardo
942 _2lcc
_cbk
999 _c103561
_d103561